• 首页
  • 本馆介绍
  • 公告通知
  • 最新文献
  • 馆藏检索
  • 电子资源
  • 读者导购
  • 参考咨询
  • 我的图书馆
  • 登录
  • 详细信息显示
  • 放入我的书架
  • 预约/预借图书
  • 作者相关作品
  • 分类相关作品
  • 丛书相关作品
  • 出版社相关作品

书目信息

  • 表格格式
  • 工作单格式
  • 卡片格式
题名:
光机电系统手册
    
 
作者: Hyungsuck Cho 著 ;李杰 译
分册:  
出版信息: 北京   科学出版社  2010.06
页数: 20,696页
开本: 24cm
丛书名:
单 册:
中图分类: TH-39
科图分类:
主题词: 光电技术--机电一体化--手册 , 光电技术 , 机电一体化
电子资源:
ISBN: 978-7-03-028020-6
000 01081nam0 2200289 450
001 010010017025
005 20170327095800.40
010    @a978-7-03-028020-6@dCNY120.00
100    @a20100730d2010 em y0chiy0110 ea
101 1  @achi@ckor
102    @aCN@b110000
105    @aak z 001yy
106    @ar
200 1  @a光机电系统手册@9guang ji dian xi tong shou ce@e技术和应用@dOpto-mechatronic system handbook@etechniques and applications@f(韩)Hyungsuck Cho著@g李杰等译@zeng
210    @a北京@c科学出版社@d2010.06
215    @a20,696页@c图,照片@d24cm
320    @a有索引
330    @a本书涵盖光机电一体化系统的基本要素和应用,通过介绍光机电技术的定义、技术基础和应用领域,使读者综合了解光机电一体化系统及其在总体性能中的作用和协同效应。
510 1  @aOpto-mechatronic system handbook@etechniques and applications@zeng
606 0  @a光电技术@x机电一体化@j手册
606 0  @a光电技术
606 0  @a机电一体化
690    @aTH-39@v5
701  0 @c(韩)@aHyungsuck Cho@4著
702  0 @a李杰@9li jie@4译
801  0 @aCN@bRENTIAN@c20100730
905    @b981872-74@dTH-39@e45@f3
    
    光机电系统手册:技术和应用=Opto-mechatronic system handbook:techniques and applications/(韩)Hyungsuck Cho著/李杰等译.-北京:科学出版社,2010.06
    20,696页:图,照片;24cm
    
    
    ISBN 978-7-03-028020-6:CNY120.00
    本书涵盖光机电一体化系统的基本要素和应用,通过介绍光机电技术的定义、技术基础和应用领域,使读者综合了解光机电一体化系统及其在总体性能中的作用和协同效应。
●
相关链接 在E读中查询图书 在五车中查询图书 在当当中查询图书 在豆瓣中查询图书


正题名:光机电系统手册     索取号:TH-39/45         预约/预借

序号 登录号 条形码 馆藏地/架位号 状态 备注
1 981872   209818722   第二样本阅览室/ [索取号:TH-39/45] 在馆    
2 981873   209818731   第三借阅区/ [索取号:TH-39/45] 在馆    
3 981874   209818740   密集书库-物理学院/ [索取号:TH-39/45] 在馆    
唐山师范学院图书馆 欢迎您!
大连网信软件有限公司© 版权所有